[Event "Crema op 04th"]
[Site "Crema"]
[Date "2002.09.07"]
[Round "3"]
[White "Gardon, Ermanno"]
[Black "Vetturi, Pietro"]
[Result "1-0"]
[WhiteElo "2108"]
[BlackElo "1600"]
[PlyCount "54"]
[EventDate "2002.09.06"]
[EventType "swiss"]
[EventRounds "6"]
[EventCountry "ITA"]
[SourceTitle "EXT 2007"]
[Source "ChessBase"]
[SourceDate "2006.11.23"]
[SourceVersion "1"]
[SourceVersionDate "2006.11.23"]
[SourceQuality "1"]

1. Nf3 d5 2. g3 Nf6 3. Bg2 g6 4. 0-0 Bg7 5. d3 0-0 6. Nbd2 Nbd7 7. e4 dxe4 8. dxe4 c6 9. Qe2 Qc7 10. e5 Nd5 11. e6 N7f6 12. exf7+ Rxf7 13. Nc4 Bd7 14. Nce5 Rff8 15. c4 Nb6 16. Bf4 Qd8 17. Rad1 Qe8 18. Rfe1 Rd8 19. Nxd7 Rxd7 20. b3 Rxd1 21. Rxd1 Qf7 22. Ng5 Qe8 23. Ne6 Nbd7 24. Nxf8 Bxf8 25. Qe6+ Kg7 26. Bh3 Nb6 27. Be5 Qf7 1-0